Welcome to the Holygrace Academy Library

Please use search bar below to get started

THE EMPEROR'S NEW CLOTHES (Record no. 7536)

MARC details
000 -LEADER
fixed length control field 00229nam a22001097a 4500
082 ## - DEWEY DECIMAL CLASSIFICATION NUMBER
Classification number 823
Item number UNK/E
100 ## - MAIN ENTRY--AUTHOR NAME
Personal name UNKNOWN
245 ## - TITLE STATEMENT
Title THE EMPEROR'S NEW CLOTHES
260 ## - PUBLICATION, DISTRIBUTION, ETC. (IMPRINT)
Name of publisher WICKLOW LTD
Year of publication 1989
650 ## - SUBJECT ADDED ENTRY--TOPICAL TERM
Topical Term ENGLISH STORY
942 ## - ADDED ENTRY ELEMENTS (KOHA)
Koha item type Books
Holdings
Withdrawn status Lost status Collection code Home library Current library Date acquired Source of acquisition Full call number Accession Number Koha item type
Withdrawn Damaged Item Fiction Main Library Main Library 16/05/2005 purchase 823 UNK/E 00677 Books